Jahreshitparaden 1960-1969 - Statistiken

Allgemein
  • Dieses Quiz wurde 33 mal gespielt
  • Das Durchschnittsergebnis liegt bei 12 aus 100
Antwortstatistiken
Rang Interpret Song % Korrekt
1. Heintje Mama
75%
10. Roy Black Ganz in Weiß
55%
1. Freddy Quinn Junge, komm bald wieder
55%
2. Petula Clark Downtown
45%
4. The Mamas and the Papas Monday, Monday
40%
3. Nancy Sinatra These Boots Are Made for Walkin’
40%
4. Nana Mouskouri Weiße Rosen aus Athen
40%
7. Heidi Brühl Wir wollen niemals auseinandergehn
35%
9. Elvis Presley In the Ghetto
30%
1. Rocco Granata Marina
30%
10. Herman’s Hermits: No Milk Today
30%
2. Sandie Shaw Puppet on a String
30%
1. Frank Sinatra Strangers in the Night
30%
6. The Beach Boys Barbara Ann
25%
4. The Beatles I Want to Hold Your Hand (Komm gib mir deine Hand)
25%
5. Chris Andrews Yesterday Man
25%
3. Tom Jones Delilah
20%
1. Barry Ryan Eloise
20%
3. Billy Mo Ich kauf’ mir lieber einen Tirolerhut
20%
8. The Monkees: I’m a Believer
20%
7. France Gall Poupée de cire, poupée de son
20%
2. Manuela Schuld war nur der Bossa Nova
20%
4. Conny / Jan & Kjeld / Blue Capris Zwei kleine Italiener
20%
1. Buzz Clifford / Ralf Bendix und die kleine Elisabeth Baby Sittin’ Boogie / Babysitter-Boogie
15%
8. Roy Black Du bist nicht allein
15%
4. Lale Andersen Ein Schiff wird kommen (Hafen von Piräus)
15%
6. Lale Andersen Ein Schiff wird kommen (Hafen von Piräus)
15%
3. Mina Heißer Sand
15%
1. Siw Malmkvist Liebeskummer lohnt sich nicht
15%
3. Sir Douglas Quintet Mendocino
15%
10. Michael Holm Mendocino
15%
10. Peggy March Mit 17 hat man noch Träume
15%
5. Blue Diamonds Ramona
15%
2. Pat Boone / Rex Gildo Speedy Gonzales / Kleiner Gonzales
15%
9. Elvis Presley Wooden Heart (Muß i denn)
15%
3. Gus Backus Da sprach der alte Häuptling
10%
4. Adamo Es geht eine Träne auf Reisen
10%
1. Nini Rosso Il Silenzio
10%
6. Elvis Presley It’s Now or Never
10%
10. Vico Torriani Kalkutta liegt am Ganges
10%
7. Freddy Quinn La Paloma
10%
1. Bob Moore / Peter Niemann Mexico / Jana, schöne Mexicana
10%
2. Edwin Hawkins Singers Oh Happy Day
10%
9. The Beach Boys Sloop John B
10%
8. Freddy Quinn Alo Ahe
5%
10. Trini Lopez A-me-ri-ca
5%
2. Jan & Kjeld Banjo Boy
5%
4. Connie Francis Barcarole in der Nacht
5%
2. Bernd Spier / Johnny Tillotson Das kannst du mir nicht verbieten / You Can Never Stop Me Loving You
5%
3. Bernd Spier Das war mein schönster Tanz
5%
9. Sœur Sourire Dominique
5%
9. Casey Jones & the Governors Don’t Ha Ha
5%
5. Nana Mouskouri Einmal weht der Südwind wieder
5%
6. Renate und Werner Leismann Gaucho Mexicano
5%
5. Freddy Quinn Gib mir dein Wort
5%
9. The Waikiki’s Hawaii Tattoo
5%
10. Heintje Heidschi Bumbeidschi
5%
5. Heintje Heidschi Bumbeidschi
5%
8. Ricky Nelson Hello Mary Lou
5%
2. Freddy Quinn Hundert Mann und ein Befehl
5%
5. Gitte / Lil Malmkvist Ich will ’nen Cowboy als Mann
5%
9. René Carol Kein Land kann schöner sein
5%
9. The Rolling Stones: Let’s Spend the Night Together
5%
8. Freddy Quinn Melodie der Nacht
5%
7. The Beatles Michelle
5%
10. Ivo Robić Mit 17 fängt das Leben erst an
5%
3. Ronny Oh, My Darling Caroline
5%
8. Chris Andrews Pretty Belinda
5%
8. Cliff Richard Sag “No” zu ihm
5%
5. Wanda Jackson Santo Domingo
5%
10. Gus Backus Sauerkraut-Polka
5%
6. Peter Kraus Schwarze Rose, Rosemarie
5%
5. Lolita Seemann (deine Heimat ist das Meer)
5%
6. Drafi Deutscher Shake Hands
5%
10. Peter Hinnen Siebentausend Rinder
5%
7. Caterina & Silvio The Peppermint-Twist
5%
3. Freddy Quinn Unter fremden Sternen (fährt ein weißes Schiff nach Hongkong)
5%
9. Gitte und Rex Gildo Vom Stadtpark die Laternen
5%
7. Marika Kilius Wenn die Cowboys träumen
5%
8. Peter Alexander Wenn erst der Abend kommt
5%
2. Billy Vaughn & Orchestra / String-A-Longs / Trio Kolenka Wheels / Vier Schimmel, ein Wagen (Hüh-a-hoh)
5%
7. Tahiti-Tamourés Wini-Wini
5%
4. Sam the Sham & the Pharaohs Wooly Bully
5%
8. Roy Black Bleib bei mir
0%
7. Udo Jürgens Cotton Fields
0%
6. Roy Black Das Mädchen Carina
0%
5. David Garrick Dear Mrs. Applebee
0%
5. Peter Alexander Delilah
0%
4. Peter Alexander Der letzte Walzer
0%
2. Heintje Du sollst nicht weinen
0%
3. Roy Black Frag’ nur dein Herz
0%
6. Tom Jones Help Yourself
0%
7. Roy Black Ich denk’ an Dich
0%
7. Whistling Jack Smith: I Was Kaiser Bill’s Batman
0%
6. Ronny Lass die Sonne wieder scheinen
0%
8. Roy Black Leg Dein Herz in meine Hände
0%
4. Roy Black Meine Liebe zu Dir
0%
6. Die Five Tops Rag Doll
0%
1. Maurice Jarre Orchester Schiwago-Melodie (Lara’s Theme)
0%
9. Dorthe Sind Sie der Graf von Luxemburg?
0%
Keine übereinstimmenden Quizze gefunden
Verteilung der Resultate
Anzahl Personen mit jedem Resultat
Perzentil nach korrekt beantworteten Fragen
Ihre Resultats-Entwicklung
Sie haben dieses Quiz noch nicht gespielt